| 000 | 01766nam a2200301 i 4500 | ||
|---|---|---|---|
| 003 | OSt | ||
| 005 | 20260205114459.0 | ||
| 008 | 260205s2022 enka er 001 0 eng d | ||
| 020 |
_a9781529763065 _cRM 120.73 _qpaperback |
||
| 040 |
_aPPAK _beng _cPPAK _erda |
||
| 082 | 0 | 4 |
_223 _a362.82 |
| 090 | 0 | 0 |
_a362.82 _bFEA _dG |
| 100 | 1 |
_aFearnley, Barry, _eauthor. |
|
| 245 | 1 | 0 |
_aDeveloping Knowledge & Skills for Child & Family Cocial Work / _cBarry Fearnley ; Editor: Kate Keers |
| 264 | 1 |
_aLondon : _bLearning Matters, _c2022 |
|
| 300 |
_axx, 185 pages : _billustrations ; _c25 cm |
||
| 336 |
_atext _2rdacontent |
||
| 337 |
_aunmediated _2rdamedia |
||
| 338 |
_avolume _2rdacarrier |
||
| 490 | 1 | _aTRANSFORMING SOCIAL WORK PRACTICE | |
| 504 | _aIncludes bibliographical references and index | ||
| 520 |
_a"This book will provide you with the initial developing knowledge and skills needed to practice ethically and effectively with children and families. It will take you on a journey, introducing you to all the relevant theory, legislation and skills for practice, using case studies, activities and research summaries to help you navigate the complexities and challenges along the way. Since launching in 2003, Transforming Social Work Practice has become the market-leading series for social work students. These books use activities and case studies to build critical thinking and reflection skills and will help social work students to develop good practice through learning"-- _cProvided by publisher. |
||
| 650 | 1 | 0 |
_aFamily social work _xPractice _zGreat Britain |
| 650 | 2 | 0 |
_aChild care services _xPractice _zGreat Britain |
| 700 | 1 |
_aKeers, Kate, _eeditor. |
|
| 830 | 0 | _aTransforming social work practice | |
| 942 |
_2ddc _cB |
||
| 999 |
_c202952 _d202952 |
||